Bibliotheque Nationale de France (Record no. 12294)

MARC details
000 -CABECERA
campo de control de longitud fija 00711nam a2200241 4500
003 - IDENTIFICADOR DEL NÚMERO DE CONTROL
campo de control MX-MxINE
005 - FECHA Y HORA DE LA ÚLTIMA TRANSACCIÓN
campo de control 20260530113916.0
008 - DATOS DE LONGITUD FIJA--INFORMACIÓN GENERAL
campo de control de longitud fija 260508b1995 |||a|||| |||| 00| 0 fre d
020 ## - NÚMERO INTERNACIONAL ESTÁNDAR DEL LIBRO
Número Internacional Estándar del Libro 2717719393
040 ## - FUENTE DE LA CATALOGACIÓN
Centro catalogador/agencia de origen ICI
Lengua de catalogación spa
Centro/agencia transcriptor ICI
Normas de descripción rda
041 ## - CÓDIGO DE LENGUA
Código de lengua del texto/banda sonora o título independiente fre
050 ## - SIGNATURA TOPOGRÁFICA DE LA BIBLIOTECA DEL CONGRESO
Número de clasificación Z798.B53
Número de documento/Ítem A8 1995
100 ## - ENTRADA PRINCIPAL--NOMBRE DE PERSONA
Término indicativo de función/relación autor
245 ## - MENCIÓN DE TÍTULO
Título Bibliotheque Nationale de France
Resto del título Au Seuil Du Vingt Et Unieme
264 ## - PRODUCCIÓN, PUBLICACIÓN, DISTRIBUCIÓN, FABRICACIÓN Y COPYRIGHT
Producción, publicación, distribución, fabricación y copyright París, Francia
Nombre del de productor, editor, distribuidor, fabricante Bibliotheque Nationale de France
Fecha de producción, publicación, distribución, fabricación o copyright 1995
300 ## - DESCRIPCIÓN FÍSICA
Extensión 69 páginas
336 ## - TIPO DE CONTENIDO
Fuente rdacontent
Término de tipo de contenido texto
337 ## - TIPO DE MEDIO
Fuente rdamedia
Nombre/término del tipo de medio sin medio
338 ## - TIPO DE SOPORTE
Fuente rdacarrier
Nombre/término del tipo de soporte volumen
650 ## - PUNTO DE ACCESO ADICIONAL DE MATERIA--TÉRMINO DE MATERIA
Término de materia o nombre geográfico como elemento de entrada Bibliotecas nacionales
Subdivisión geográfica Francia.
9 (RLIN) 34100
700 ## - PUNTO DE ACCESO ADICIONAL--NOMBRE DE PERSONA
Nombre de persona Cristiane Garaud
Término indicativo de función/relación cord.
9 (RLIN) 34101
942 ## - ELEMENTOS DE PUNTO DE ACCESO ADICIONAL (KOHA)
Fuente del sistema de clasificación o colocación Library of Congress Classification
Suprimir en OPAC 1
Tipo de ítem Koha

No items available.